Solid state devices and technology (Record no. 176367)

000 -LEADER
fixed length control field 00378nam a2200133Ia 4500
008 - FIXED-LENGTH DATA ELEMENTS--GENERAL INFORMATION
fixed length control field 220217s9999||||xx |||||||||||||| ||und||
020 ## - INTERNATIONAL STANDARD BOOK NUMBER
International Standard Book Number 81-88849-14-6
082 ## - DEWEY DECIMAL CLASSIFICATION NUMBER
Classification number 621.381 52 BAB
100 ## - MAIN ENTRY--PERSONAL NAME
Personal name Babu, Suresh, V
9 (RLIN) 3936
245 #0 - TITLE STATEMENT
Title Solid state devices and technology
260 ## - PUBLICATION, DISTRIBUTION, ETC.
Place of publication, distribution, etc. Sanguine Technical publications
Name of publisher, distributor, etc. Bangalore
Date of publication, distribution, etc. 2007
300 ## - PHYSICAL DESCRIPTION
Other physical details 225
650 ## - SUBJECT ADDED ENTRY--TOPICAL TERM
Topical term or geographic name entry element CIRCUITRY
Holdings
Withdrawn status Lost status Damaged status Not for loan Collection code Home library Current library Shelving location Date acquired Full call number Barcode Date last seen Price effective from Koha item type
        Electronics and Communication Engineering Central Library Central Library Book Cart 02/18/2022 621.381 52 BAB 11556 02/18/2022 02/18/2022 Books

Powered by Koha